000 00744cam a22002532 4500
001 13079
003 BD-RjUL
005 20211208235413.0
008 140130r19511930enka 001 0 eng
035 _a(BD-RjUL)13129
040 _aDLC
_cDLC
_dDLC
_beng
041 _aeng
082 _a620.04
_bABM 1951
100 1 _aAbbott, W.
_q(William)
_940748
245 0 0 _aMachine drawing and design :
_ba textbook of intermediate standard for engineering students /
_cW. Abbott
250 _a4th ed. [reprinted]
260 _aLondon :
_bBlackie,
_cc 1930[Reprining 1951]
300 _a224 p. :
_billus. ;
_c23 cm.
504 _aincludes index
650 0 _aMachine design.
_940060
942 _2ddc
_cBK
999 _c13079
_d13079